004540000a2200145000450024500740000065000180007465000200009265000450011265000270015765100430018404100130022770000170024010000230025777300280028010aValuing mangrove-fishery linkages: a case study of Campeche, México14aBioeconomía14aDeforestación14aValoración económica de los recursos14aEcología económica 4lLaguna de TerminosmCampechepMéxico0 aInglés1 aStrand, Ivar1 aBarbier, Edward B.1 tPreprint33q1-20d1997